Colón agarra viaje a toda costa /

Colón agarra viaje a toda costa es una obra de teatro que relata -de un modo humorístico y coloquial- las imaginarias peripecias de Cristóbal Colón para conseguir el apoyo de los reyes, y su travesía por el océano.

Guardado en:
Autor Principal: Basch, Adela
Otros Autores: Fuhrmann, Ricardo; il.
Formato: Libro
Publicado: Buenos Aires : Alfaguara, 2003.
Series:Infantil. Desde 8 años
Materias:
Etiquetas: Agregar Etiqueta
Sin Etiquetas, Sea el primero en etiquetar este registro!
LEADER 01100nam a22002655a 4500
001 CEM.cems019750
008 221017s2003##################000#0#####d
005 20230314110004.0
245 1 0 |a Colón agarra viaje a toda costa /  |c Adela Basch ; ilustrado por Ricardo Fuhrmann. 
260 |a Buenos Aires :  |b Alfaguara,  |c 2003. 
300 |a 89 p. 
490 0 |a Infantil. Desde 8 años 
520 |a Colón agarra viaje a toda costa es una obra de teatro que relata -de un modo humorístico y coloquial- las imaginarias peripecias de Cristóbal Colón para conseguir el apoyo de los reyes, y su travesía por el océano. 
020 |a 9505115199 
100 1 |a Basch, Adela 
700 1 |a Fuhrmann, Ricardo; il. 
082 0 4 |a A862.4 
653 |a Literatura 
653 |a Literatura argentina 
653 |a Literatura infantil 
653 |a Teatro 
653 |a Teatro infantil 
859 |a CEMS  |b BIB. CEMS - Agricultura  |h A862.4  |i B29  |p A3463.23  |t Ej.1 
859 |a CEMS  |b BIB. CEMS - Inicial y Primaria  |h A862.4  |i B290-1  |k IP  |p 3041  |t Ej.1 
859 |a CEMS  |b BIB. CEMS - Inicial y Primaria  |h A862.4  |i B290-1  |k IP  |p 3700  |t Ej.2